Bài học của lịch sử

Những bài viết, tiểu luận của ông bà Will và Ariel Duraut về những kinh nghiệm, bài học, các mối quan hệ của các lĩnh vực khác trong xã hội với lịch sử của loài người

שמור ב:
מידע ביבליוגרפי
מחבר ראשי: Will, Ariel Durant
מחברים אחרים: Nguyễn Hiếu Lê (dịch)
פורמט: ספר
שפה:Vietnamese
יצא לאור: Tp. Hồ Chí Minh Nxb. Tp. Hồ Chí Minh 2006
נושאים:
תגים: הוספת תג
אין תגיות, היה/י הראשונ/ה לתייג את הרשומה!
Thư viện lưu trữ: Mạng thư viện Đại học Đà Nẵng
LEADER 01459aam a22003738a 4500
001 000009819
003 6017
005 20111104081126.0
008 111103s2006 viesd
020 |c 24000đ  |d 1000b 
041 |a vie 
082 1 4 |2 14  |a 901  |b AR-W 
084 |a P3(0)z44  |b B103H 
100 0 |a Will, Ariel Durant 
245 |a Bài học của lịch sử  |c Will, Ariel Durant ; Nguyễn Hiến Lê dịch 
260 |a Tp. Hồ Chí Minh  |b Nxb. Tp. Hồ Chí Minh  |c 2006 
300 |a 193tr.  |c 21cm 
520 |a Những bài viết, tiểu luận của ông bà Will và Ariel Duraut về những kinh nghiệm, bài học, các mối quan hệ của các lĩnh vực khác trong xã hội với lịch sử của loài người 
650 7 |2 Bộ TK TVQG  |a Lịch sử 
650 7 |2 Bộ TK TVQG  |a Bài học 
650 7 |2 Bộ TK TVQG  |a Kinh nghiệm 
655 7 |2 Bộ TK TVQG  |a Tiểu luận 
700 1 |a Nguyễn Hiếu Lê  |e dịch 
910 |a Nguyễn Thị Kim Oanh  |d 3/11/2011 
OWN |a LSP 
AVA |a UDN50  |b LSP  |d 901 AR-W  |e available  |t Error 5001 Not defined in file expand_doc_bib_avail.  |f 10  |g 0  |h N  |i 0  |k 1 
999 |a From the UDN01 
AVA |a UDN50  |b LSP  |d 901 AR-W  |e available  |t Error 5001 Not defined in file expand_doc_bib_avail.  |f 10  |g 0  |h N  |i 0  |k 1 
TYP |a Monograph 
TYP |a Printed language 
980 |a Mạng thư viện Đại học Đà Nẵng